000 00637nam a2200241Ia 4500
003 OSt
005 20221005073727.0
006 a|||||r|||| 00| 0
007 ta
008 221004b |||||||| |||| 00| 0 eng d
024 _a71691
037 _cTextual
040 _aCRL
_cCRL
_beng
041 _2eng
_aeng
082 _aY15.2, N0
100 _aIndu Parkash Singh
_9608256
245 0 _aIndian women
_b The captured beings
260 _aNew Delhi
_bIntellectual India
_c1990
300 _axv, 146p
_ccm.
650 _aSOCIOLOGY
942 _hY15.2, N0
_cTEXL
_2cc
999 _c981615
_d981615